| 000 | 00763nam a22002177a 4500 | ||
|---|---|---|---|
| 005 | 20170504112659.0 | ||
| 008 | 170504b sp ||||| |||| 00| 0 spa d | ||
| 020 | _a8497729501 | ||
| 050 | 0 | 4 |
_aBD450 _bK66 2006 |
| 100 | 1 | _aDe Koninck, Thomas | |
| 245 | 1 | 6 |
_aDe la dignidad humana / _cDe Koninck, Thomas, ; tr. María Venegas Grau |
| 250 | _a1a ed. | ||
| 260 |
_aMadrid : _bDykinson : Instituto de Derechos Humanos "Bartolomé de las Casas". Universidad Carlos III de Madrid, _c2006. |
||
| 300 |
_a217 p. ; _c21 cm. |
||
| 490 | 0 |
_aColección Traducciones, _v7 |
|
| 500 | _aTraducción de : De la dignité humaine. | ||
| 504 | _aIncluye índice | ||
| 650 | 4 |
_aDignidad _xFilosofía antropológica |
|
| 700 | 1 | _aVenegas Grau, María | |
| 942 |
_2lcc _cLIB |
||
| 999 |
_c132941 _d132941 |
||